Město, region a přeshraniční spolupráce : Sborník z konference AUÚP ČR, Třeboň 24.-25.4.2025 /

Gespeichert in:
Bibliographische Detailangaben
Weitere Verfasser: Blatová, Tamara (Herausgegeben von)
Format: Buch
Sprache:Tschechisch
Veröffentlicht: Brno : Ústav územního rozvoje, 2025
Ausgabe:1. vydanie
Schlagworte:
Tags: Tag hinzufügen
Keine Tags, Fügen Sie das erste Tag hinzu!

MARC

LEADER 00000nam a22000003a 4500
001 0140616
003 SK-STU
005 20260324100439.9
007 ta
008 260323s ----xo-----e------000-0-----d
020 |a 978-80-7663-067-3 
040 |a STU  |b slo 
041 0 |a cze 
044 |a xr 
100 1 |a Blatová, Tamara  |4 edt 
245 1 0 |a Město, region a přeshraniční spolupráce :  |b Sborník z konference AUÚP ČR, Třeboň 24.-25.4.2025 /  |c ed. Tamara Blatová 
246 3 1 |b Mimořádná příloha časopisu Urbanismus a územní rozvoj č. 3/2025 
250 |a 1. vydanie 
260 |a Brno :  |b Ústav územního rozvoje,  |c 2025 
300 |a 75 s. 
650 0 7 |a mesto 
650 0 7 |a región 
650 0 7 |a urbanizmus a územné plánovanie 
650 0 7 |a České Budějovice 
650 0 7 |a Mikulčice-Kopčany 
650 0 7 |a Veľká Morava 
650 0 7 |a CentropeMap 
650 0 7 |a Interreg 
996 |b 284AU10666  |c A* 13822/U  |l AAKNAR  |s A  |a 24  |w 0140616_0001